000 00669nam a22002297a 4500
005 20170124110033.0
010 _a978872
020 _c00.00
035 _a978872
037 _bCen Lib/Ret
040 _aDPL
_bEN
082 _a342.54
_bSIW
100 _aSiwach, J.R.
_97771
245 _aPolitics of president,s rule in India /
_cby J.R. Siwach
260 _aSimla
_bIndian Institute of Advanced Study
_c1979
270 _aRashtrapati Nivas
_bSimla
_e171005
300 _axii,533p.
_c20cm(Hb)
500 _aIncludes index
650 _aState governments
_zIndia
_922191
650 _aExecutive power
_916268
942 _2ddc
_cEN
_h342.54
_mSIW
999 _c128023
_d128023